000 00405 a2200133 4500
001 ART_13859
005 20260410161911.0
008 260409a
245 1 0 _aA dynamic simulation model of the world jute economy
100 1 _aBlitzer, C.
700 1 _aAnderson, Jock
700 1 _aCauchois, Tom
773 0 _tEuropean economic review
_g- Vol. 16, NÂș 2/3 (jun./jul. 1981)
_wREV13346
999 _c26844
_d26844